NBA Scoring Champions - Statistics

General Stats
  • This quiz has been taken 7 times
  • The average score is 63 of 80
Answer Stats
Hint Answer % Correct
1970 Jerry West
100%
1972 Kareem Abdul-Jabbar
100%
1971 Kareem Abdul-Jabbar
100%
2026 Luka Doncic
100%
2024 Luka Doncic
100%
1998 Michael Jordan
100%
1997 Michael Jordan
100%
1996 Michael Jordan
100%
1993 Michael Jordan
100%
1992 Michael Jordan
100%
1991 Michael Jordan
100%
1990 Michael Jordan
100%
1989 Michael Jordan
100%
1988 Michael Jordan
100%
1987 Michael Jordan
100%
2025 Shai Gilgeous-Alexander
100%
1966 Wilt Chamberlain
100%
1965 Wilt Chamberlain
100%
1964 Wilt Chamberlain
100%
1963 Wilt Chamberlain
100%
1962 Wilt Chamberlain
100%
1961 Wilt Chamberlain
100%
1960 Wilt Chamberlain
100%
1984 Adrian Dantley
75%
1981 Adrian Dantley
75%
1983 Alex English
75%
2005 Allen Iverson
75%
2002 Allen Iverson
75%
2001 Allen Iverson
75%
1999 Allen Iverson
75%
1985 Bernard King
75%
1976 Bob McAdoo
75%
1975 Bob McAdoo
75%
1974 Bob McAdoo
75%
1959 Bob Pettit
75%
1956 Bob Pettit
75%
1994 David Robinson
75%
2009 Dwyane Wade
75%
1969 Elvin Hayes
75%
1982 George Gervin
75%
1980 George Gervin
75%
1979 George Gervin
75%
1978 George Gervin
75%
1951 George Mikan
75%
1950 George Mikan
75%
1949 George Mikan
75%
2020 James Harden
75%
2019 James Harden
75%
2018 James Harden
75%
1948 Joe Fulks
75%
1947 Joe Fulks
75%
2023 Joel Embiid
75%
2022 Joel Embiid
75%
2014 Kevin Durant
75%
2012 Kevin Durant
75%
2011 Kevin Durant
75%
2010 Kevin Durant
75%
2007 Kobe Bryant
75%
2006 Kobe Bryant
75%
2008 LeBron James
75%
1977 Pete Maravich
75%
1967 Rick Barry
75%
2017 Russell Westbrook
75%
2015 Russell Westbrook
75%
2000 Shaquille O'Neal
75%
1995 Shaquille O'Neal
75%
1973 Tiny Archibald
75%
2004 Tracy McGrady
75%
2003 Tracy McGrady
75%
2013 Carmelo Anthony
50%
1986 Dominique Wilkins
50%
1958 George Yardley
50%
1955 Neil Johnston
50%
1954 Neil Johnston
50%
1953 Neil Johnston
50%
1968 Oscar Robertson
50%
1957 Paul Arizin
50%
1952 Paul Arizin
50%
2021 Steph Curry
25%
2016 Steph Curry
25%
No matching quizzes found
Score Distribution
Percent of People with Each Score
Percentile by Number Answered
Your Score History
You have not taken this quiz